Nuevo asesor de padres recursos para la salud de los hijos: primeros auxilios (Registro nro. 2663)
[ vista simple ]
| 000 -Cabecera | |
|---|---|
| Campo de control de longitud fija | 01050aam a2200397 4500 |
| 005 - Fecha y hora de la última transacción | |
| Campo de control | 20250918180428.0 |
| 008 - Elementos de longitud fija--Información general | |
| Campo de control de longitud fija | 150312b2010 xxu||||| |||| 00| 0 spa d |
| 020 ## - International Standard Book Number | |
| Número Internacional Estándar del Libro (ISBN) | 9788449435461 |
| 041 ## - Idioma | |
| Código de idioma | Español |
| 082 ## - Clasificación Decimal Dewey | |
| Número de clasificación | 617.026 N964n |
| 245 ## - Título propiamente dicho | |
| Título | Nuevo asesor de padres recursos para la salud de los hijos: primeros auxilios |
| 260 ## - Pie de imprenta | |
| Lugar de publicación, distribución, etc. | España |
| 260 ## - Pie de imprenta | |
| Nombre del editor, distribuidor, etc. | Océano |
| 260 ## - Pie de imprenta | |
| Fecha de publicación, distribución, etc. | 2010 |
| 300 ## - Descripción física | |
| Extensión | 250 páginas |
| 300 ## - Descripción física | |
| Otras características físicas | Ilustraciones a color |
| 490 ## - Serie | |
| Título de la Serie | Investigación Criminal |
| 490 ## - Serie | |
| Título de la Serie | Temática General |
| 650 ## - Materia general | |
| Temática (materia general) | PRIMEROS AUXILIOS |
| 650 ## - Materia general | |
| Temática (materia general) | SALUD INFANTIL |
| 650 ## - Materia general | |
| Temática (materia general) | TÉCNICAS Y EQUIPAMIENTO |
| 650 ## - Materia general | |
| Temática (materia general) | BOTIQUIN |
| 650 ## - Materia general | |
| Temática (materia general) | REANIMACIÓN BÁSICA |
| 650 ## - Materia general | |
| Temática (materia general) | HERIDAS |
| 650 ## - Materia general | |
| Temática (materia general) | HEMORRAGIAS |
| 650 ## - Materia general | |
| Temática (materia general) | TRAMATISMOS |
| 650 ## - Materia general | |
| Temática (materia general) | CUERPOS EXTRAÑOS |
| 650 ## - Materia general | |
| Temática (materia general) | AGENTES AMBIENTALES |
| 650 ## - Materia general | |
| Temática (materia general) | INTOXICACIONES |
| 650 ## - Materia general | |
| Temática (materia general) | MORDEDURAS |
| 650 ## - Materia general | |
| Temática (materia general) | PICADURAS |
| 650 ## - Materia general | |
| Temática (materia general) | URGENCIAS |
| 650 ## - Materia general | |
| Temática (materia general) | PREVENCIÓN DE ACCIDENTES |
| 650 ## - Materia general | |
| Temática (materia general) | CUIDADOS DE ENFERMOS |
| 942 ## - Punto de acceso adicional KOHA | |
| Tipo de ítem KOHA | Libro |
| Fuente del sistema de clasificación o colocación | Dewey Decimal Classification |
| Signatura completa | Código de barras | Programa Académico | Tipo de ítem |
|---|---|---|---|
| 617.026 N964n | 15801 | Libro |